| 000 | 00997cam a22002054a 4500 | ||
|---|---|---|---|
| 005 | 20250605163928.0 | ||
| 008 | 250528s ||||||||||||||||||||||||d | ||
| 035 | _a14601 | ||
| 020 | _a863777155 | ||
| 040 |
_aGR-AtMCL _bgre _dGR-AtMCL _eAACR2 |
||
| 245 | 1 | _aHuman Cognitive Neuropsychology / A Textbook with Readings | |
| 260 |
_bPsychology Press, _c1996 |
||
| 300 | _a696 | ||
| 520 | _aA discussion of current research issues and detailed investigations of individual cases. What is Cognitive Neuropsychology?, Object Recognition, Visual and Spatial Abilities, Face Processing, Producing Spoken Words, Recognizing and Understanding Spoken Words, Spelling and Writing, Reading: And a Composite Model for Word Recognition and Production, Further Language and Communication Processes, Memory, References, Readings on Cognitive Neuropsychology, Author and Subject Index. | ||
| 700 | 1 |
_aEllis Andrew W _978 |
|
| 700 | 1 |
_aYoung Andrew W _9326 |
|
| 942 | _cBK | ||
| 999 |
_c225 _d225 |
||